Country focus (Record no. 79490)

MARC details
000 -LEADER
fixed length control field 00772cab a22001935a 4500
001 - CONTROL NUMBER
control field L141450
008 - FIXED-LENGTH DATA ELEMENTS--GENERAL INFORMATION
fixed length control field 071126e20071116xxkd f s 000 0 eng d
035 ## - SYSTEM CONTROL NUMBER
System control number (Sirsi) u141450
041 0# - LANGUAGE CODE
Language code of text/sound track or separate title eng
100 1# - MAIN ENTRY--PERSONAL NAME
Personal name Klammer, Marcin
245 00 - TITLE STATEMENT
Title Country focus
Remainder of title Poland
260 ## - PUBLICATION, DISTRIBUTION, ETC.
Date of publication, distribution, etc. 2007
490 #0 - SERIES STATEMENT
Series statement Building
Volume/sequential designation 272(8506) 16 November 2007, 86-88(3)
520 ## - SUMMARY, ETC.
Summary, etc. Summary of Poland's economy and construction market. Covers the Polish property market, infrastructure, prices and workforce, tendering and project execution, and the effect of the Euro 2012 football tournament. Includes key statistics for the Polish construction industry and costs for various buildings.
590 ## - LOCAL NOTE (RLIN)
Local note KA
651 #4 - SUBJECT ADDED ENTRY--GEOGRAPHIC NAME
Geographic name Poland
690 ## - LOCAL SUBJECT ADDED ENTRY--TOPICAL TERM (OCLC, RLIN)
Topical term or geographic name as entry element BUILT ENVIRONMENT-CONSTRUCTION MARKET
942 ## - ADDED ENTRY ELEMENTS (KOHA)
Suppress in OPAC 0
Holdings
Withdrawn status Lost status Source of classification or shelving scheme Damaged status Not for loan Home library Current library Shelving location Date acquired Total Checkouts Full call number Barcode Date last seen Copy number Price effective from Koha item type
    Dewey Decimal Classification     London London Journal article 26/11/2007   L141450 141450-1001 06/08/2019 1 06/08/2019 Journal article